Purchasing

Detalles Bibliográficos
Nuevo Título:Purchasing (CPI edition)
Título anterior:Executive purchaser
Formato: Electrónico Revista
Lenguaje:inglés
Publicado: [Boston, Mass., etc.], [Cahners Pub. Co., etc.]
Materias:
Acceso en línea:Full text available from Research Library: 01/11/1996 to 04/08/2010

MARC

LEADER 00000nas a2200000 4500
001 ssj0005622
003 WaSeSS
005 20200512172242.0
006 m d
007 cr n
008 770722d19362010maumr p s 0 a0eng c
010 |a  41041180   |z sn 79007115  
016 7 |a 9879568  |2 DNLM 
016 7 |a P60855000  |2 DNLM 
016 7 |a 008549864  |2 Uk 
022 |l 0033-4448  |y 0033-4448 
032 |a 450640  |b USPS 
035 |a (WaSeSS)ssj0005622 
037 |b Purchasing, 275 Washington St., Newton, MA 02458 
040 |a DXU  |b eng  |c DXU  |d NSD  |d IUL  |d DLC  |d RCS  |d NSD  |d AIP  |d NSD  |d AIP  |d NSD  |d NST  |d OCL  |d NSD  |d NST  |d MYG  |d WAU  |d UMC  |d NLM  |d OCLCQ  |d DLC  |d IUL  |d LVB  |d HUL  |d IUL  |d NSD  |d CUS  |d OCLCQ  |d IUL  |d UKMGB  |d OCLCQ  |d OCLCO  |d OCLCF  |d OCLCO  |d GILDS  |d OCLCO  |d RDF  |d NJR  |d OCLCQ  |d OCLCO  |d WaSeSS 
042 |a pcc  |a nsdp 
050 0 0 |a HF5001  |b .P8 
082 0 0 |a 658.7/2/05  |2 19 
210 0 |a Purchasing  |b (1936) 
222 0 |a Purchasing  |b (1936) 
245 0 0 |a Purchasing  |h [electronic resource]. 
246 1 |i Also called:  |a Purchasing magazine 
260 |a [Boston, Mass., etc.],  |b [Cahners Pub. Co., etc.] 
310 |a Monthly,  |b <Dec. 2007-> 
321 |a Monthly,  |b Apr. 1936-Dec. 1957 
321 |a Semimonthly,  |b Jan. 1958- 
362 1 |a Began with issue for Apr. 1936; ceased with v. 139, no. 4 (2010). 
500 |a Accompanied by: CD-ROM in some issues. 
500 |a Published: Newton, MA : Reed Business Information, <May 20, 2004-> 
506 |a License restrictions may limit access. 
588 |a Latest issue consulted: Vol. 136, no. 15 (Dec. 2007). 
650 0 |a Purchasing  |v Periodicals. 
650 6 |a Achat  |v Périodiques. 
650 7 |a Purchasing.  |2 fast  |0 (OCoLC)fst01084263 
655 0 |a Electronic journals. 
770 0 |t Metals sourcing guide  |g <1997->  |w (DLC)sn 97047251  |w (OCoLC)36678594 
780 0 0 |t Executive purchaser  |x 1945-5380  |w (DLC) 2007234098  |w (OCoLC)85855037 
785 0 1 |t Purchasing (CPI edition)  |g 1982  |x 0746-9020  |w (DLC)sn 84006014  |w (OCoLC)10399681 
850 |a CaOPAL  |a CaOTDT  |a CtY-SSE  |a CoU  |a DLC  |a DeU  |a NcRS  |a PBL  |a ViU 
853 2 0 |8 1  |a v.  |b no.  |u 12  |v r  |i (year)  |j (month)  |w m 
856 4 0 |z Full text available from Research Library: 01/11/1996 to 04/08/2010  |u https://search.proquest.com/publication/42088 
863 4 1 |8 1.1  |a <136>  |b <15>  |i <2007>  |j <23>